| 000 | 01150nam a22002295i 4500 | ||
|---|---|---|---|
| 001 | 157729 | ||
| 003 | ES-MaACL | ||
| 005 | 20250824090221.0 | ||
| 008 | 040813s1877 sp |||| | spa d | ||
| 040 |
_aCAM _bspa _cCAM |
||
| 100 | 1 |
_aLiern, Rafael María. _972253 |
|
| 245 | 1 | 0 |
_aArtistas para la Habana _b: juguete cómico en un acto y en verso / _coriginal de Rafael Maria Liern y Augusto E. Madán y García ; con música del maestro Francisco A. Barbieri. |
| 260 |
_aMadrid : _b[s.n.], _c1877 ( _fImprenta de José Rodriguez) |
||
| 300 |
_a34 p. ; _c18 cm. |
||
| 500 | _aEn port.: Estrenado en el Teatro de la Comedia el dia 10 de abril de 1877. | ||
| 500 | _aSolo la letra. | ||
| 596 | _aEn verso de la port. consta: "Los comisionados de la Administracion Lírico-Dramática de Eduardo Hidalgo ..." | ||
| 700 | 1 |
_aMadán y García, Augusto E. _9129328 |
|
| 700 | 1 |
_aBarbieri, Francisco A., _d1823-1894 _925463 |
|
| 852 |
_aES-MaACL _jF-8604(10) _z-- Enc. pasta española _q-- Falto de la cub. original _z-- Enc. en un vol. facticio formando parte de la col. facticia "Teatro español moderno", vol. 57 |
||
| 999 |
_c157729 _d157729 |
||